000 00658nam a2200205 a 4500
001 70
005 20221127085839.0
008 050920s lxxua | 00100 eng d
020 _a0072514922 :
_cSR138.00
035 _a80
082 0 4 _a658
_bK62 2003
100 1 _aKinicki, Angelo.
245 1 0 _aOrganizational behavior :
_bkey concepts, skills and best practices /
_cAngelo Kinicki, R. Kreitner.
260 _aBoston, Mass. :
_bMcGraw-Hill,
_c2003.
300 _axxvi, 383 p. :
_bill. ;
_c24 cm.
_e2 CD.
500 _aIncludes index.
650 4 _aManagement
_xPsychological aspects.
650 4 _aOrganizational behavior.
700 1 _aKreitner, Robert,
_ejt. auth.
999 _c70
_d70